| 000 | 00777nam a2200217 a 4500 | ||
|---|---|---|---|
| 999 |
_c6486 _d6486 |
||
| 001 | 6486 | ||
| 003 | BD-JhCC | ||
| 005 | 20180403183844.0 | ||
| 008 | 180123s1981 bg |||| ||a| 000 0 ben d | ||
| 035 | _a(BD-JhCC)6486 | ||
| 040 |
_aBD-JhCC _dBD-JhCC |
||
| 041 | _aben | ||
| 082 |
_a297.05 _bISL 2014 |
||
| 245 |
_aইসলাম শিক্ষা দ্বিতীয় পত্র একাদশ-দাদ্বশ শ্রেণি / _cড. এ আর এম আলী হায়দার...[et. all.] |
||
| 260 |
_aঢাকা : _bঅক্ষরপত্র প্রকাশনী, _c১৯৮১. |
||
| 300 |
_a29*7 p. : _c26 cm. |
||
| 650 | _aIslam | ||
| 700 | _aহায়দার, ড. এ আর এম আলী | ||
| 942 |
_2ddc _cBK |
||